00400nam a2200169Ia 4500008004100000020001800041050001400059100001600073245002500089245001500114260001500129260001700144260000900161300001400170300002500184440002100209180207s9999 xx 000 0 und d a9780717285761 bB534 2005 aBerry, Joy. 2aA book about lying / cJoy Berry. aNew York : bScholastic,  c2005 aunpaged : bcolor illustration ; aHelp me be good!